[Event "World Senior chT-50 2019"]
[Site "Rhodes"]
[Date "2019.04.23"]
[Round "8.38"]
[White "Goldmane, Astra"]
[Black "Viljava, Tapani"]
[Result "0-1"]
[WhiteElo "2020"]
[BlackElo "2159"]
[Annotator "TA"]
[PlyCount "108"]
[EventDate "2019.04.16"]
[EventType "team-tourn"]
[EventCountry "GRE"]
[SourceTitle "playchess.com"]
[Source "ChessBase"]
[SourceQuality "1"]
[WhiteTeam "Latvia"]
[BlackTeam "Finland"]
[WhiteTeamCountry "LAT"]
[BlackTeamCountry "FIN"]

{[%evp 14,108,0,0,34,19,22,27,17,25,90,23,58,46,82,53,57,70,44,0,58,50,72,14,30,35,28,-66,-3,-183,-190,-187,-178,-182,-181,-443,-446,-390,-250,-248,-245,-244,-246,-245,-239,-236,-236,-237,-206,-202,-160,-163,-159,-362,-345,-399,-362,-375,-381,-388,-362,-625,-603,-631,-626,-631,-617,-575,-450,-29954,-6293,-29957,-29952,-12510,-11510,-7666,-5835,-541,-5716,-29970,-29974,-29968,-29972,-29977,-29978,-29978,-29978,-29980,-29981,-29981,-29982,-29982,-29983,-29985,-29986,-29986,-29986]} 1. e4 c5 2. Nf3 e6 3. c3 Nf6 4. e5 Nd5 5. d4 cxd4 6. cxd4 d6 7. Nc3 Nxc3 8. bxc3 Qa5 {B22: Sicilian: 2 c3} (8... Be7 9. Bd3 dxe5 10. Nxe5 Nd7 11. Bf4 O-O 12. O-O Nxe5 13. Bxe5 Bd6 14. Qe2 Bxe5 15. Qxe5 g6 16. Be4 f6 17. Qg3 Kg7 18. h4 Rf7 19. h5 f5 20. hxg6 hxg6 21. Qe5+ Qf6 22. Qxf6+ Kxf6 23. Bf3 Rc7 24. Rab1 Rb8 25. Rbc1 Ra8 {½-½ (25) Miezis,N (2548)-Aleksandrov,A (2569) Jurmala 2014}) 9. Qb3 Nc6 {[%cal Rd6e5]} 10. Bf4 dxe5 {White has an edge.} 11. Bxe5 b6 (11... Nxe5 $11 {keeps the balance.} 12. Nxe5 a6) 12. Bc4 $146 (12. Bb5 $16 Bd7 13. Bg3) ({Predecessor:} 12. Be2 Ba6 13. Rd1 Bxe2 14. Kxe2 Rc8 15. Rd3 Nxe5 16. Nxe5 {½-½ (38) Lardot,D-Kiltti,J (2200) Finland 2000}) 12... Ba6 13. O-O Rd8 14. Rfe1 {Hoping for Bxe6!} Bxc4 15. Qxc4 Qd5 16. Qe2 {And now c4 would win.} Na5 (16... Nxe5 $11 17. Nxe5 Bd6) 17. Nd2 Rc8 18. Rac1 ({Better is} 18. Ne4 $16) 18... Nc4 19. Nxc4 Rxc4 20. f4 ({White should play} 20. Rb1 $11) 20... Ba3 $36 {[%mdl 2048] Black is more active.} (20... f6 $15 21. Bb8 Ba3) 21. Rc2 $2 {[#]} (21. Qg4 $1 $11 Bxc1 22. Qxg7) 21... O-O $1 $19 22. f5 exf5 23. Qd3 Rfc8 24. Qxf5 $2 (24. h4 {was called for.}) 24... f6 25. Rf2 Rxc3 ({Less strong is} 25... fxe5 26. Rxe5 Qd8 27. Qf7+ Kh8 28. Rfe2 $19) 26. Bg3 Qxf5 27. Rxf5 Rd8 28. Bf2 Kf7 29. Rf3 Rxf3 30. gxf3 {[%mdl 4096] Endgame KRB-KRB} Bb2 31. Kg2 b5 32. Rb1 Bxd4 33. Rxb5 $2 {[#]} (33. Rd1 $17 Bb6 34. Rxd8 Bxd8 35. Bxa7) 33... Bxf2 $1 {KRB-KR} 34. Rb7+ Kg6 35. Kxf2 {KR-KR} Rd2+ {[%mdl 64] Double Attack} 36. Kg3 Rxa2 37. h4 $2 (37. Rb4) 37... h5 38. Kf4 a5 {[%cal Ba7a5,Ba5a4,Ba4a3,Ba3a2][%mdl 32]} 39. Ra7 a4 40. Ke3 a3 41. f4 (41. Ra5 $19) 41... Ra1 42. Kf2 a2 43. Kg2 Kf5 44. Ra4 Kg4 45. f5+ Kxf5 46. Ra7 g5 {Black mates.} 47. Ra5+ Kg6 48. hxg5 f5 49. Ra8 Kxg5 50. Rg8+ Kf6 51. Ra8 f4 52. Ra3 Ke6 53. Kh2 {[#]} f3 $1 54. Ra6+ (54. Rxf3 Re1) 54... Kd7 {Accuracy: White = 25%, Black = 64%.} 0-1

[Event "World Senior chT-50 2019"]
[Site "Rhodes"]
[Date "2019.04.23"]
[Round "8.39"]
[White "Salonen, Jyrki"]
[Black "Ungure, Liga"]
[Result "1-0"]
[WhiteElo "2162"]
[BlackElo "1930"]
[Annotator "TA"]
[PlyCount "79"]
[EventDate "2019.04.16"]
[EventType "team-tourn"]
[EventCountry "GRE"]
[SourceTitle "playchess.com"]
[Source "ChessBase"]
[SourceQuality "1"]
[WhiteTeam "Finland"]
[BlackTeam "Latvia"]
[WhiteTeamCountry "FIN"]
[BlackTeamCountry "LAT"]

{[%evp 20,79,20,20,26,9,11,8,30,30,21,16,20,0,47,37,58,62,62,61,80,87,71,76,127,106,125,98,295,342,335,320,281,194,192,95,139,100,100,94,84,77,83,73,100,97,214,214,316,316,310,302,288,288,433,377,595,592,1974,1840,1585,1512]} 1. c4 Nf6 2. Nc3 g6 3. d4 Bg7 4. Nf3 O-O 5. e3 c5 6. b3 cxd4 7. Nxd4 Nc6 8. Bb2 Nxd4 9. Qxd4 d6 10. Be2 a6 11. O-O Bd7 {E61: King's Indian: Early deviations for White, including Smyslov System} (11... Be6 12. Rfd1 Qa5 13. Qd2 Rfc8 14. Ne4 Qxd2 15. Nxf6+ Bxf6 16. Rxd2 Bxb2 17. Rxb2 b5 18. cxb5 axb5 19. Bxb5 {½-½ (43) Fernandes,R (1844)-Cruz,J (2088) Figueira da Foz 2017}) 12. Rfd1 $146 ({Predecessor:} 12. Bf3 Bc6 13. Bxc6 bxc6 14. e4 Nd5 15. Qd2 Nxc3 16. Bxc3 Bxc3 17. Qxc3 Qb6 18. Rfd1 Rfd8 19. Rd3 {1-0 (38) Johnsen,S-Torbergsen,G Norway 1998}) 12... Bc6 13. Qd2 Qb8 {The position is equal.} 14. Rac1 Rc8 15. a4 a5 16. Bf3 Qa7 17. e4 Re8 18. Nd5 Bxd5 19. exd5 Nd7 20. Bxg7 Kxg7 21. Re1 Rac8 (21... Qc5 $142) 22. Rc3 Rc7 23. Bd1 Nc5 $2 (23... Qc5 $16) 24. Rh3 $18 {[#] Qh6+ would kill now.} Rh8 25. Qh6+ ({Weaker is} 25. b4 axb4 26. Qb2+ (26. Qxb4 e5 $14) 26... f6 $14) 25... Kg8 26. Bc2 Qb8 27. Rhe3 (27. Rg3 $18 {is more deadly.}) 27... Qd8 28. f4 Qf8 29. Qh4 $36 {[%cal Re3e7][%mdl 2048] Black is under strong pressure.} f6 30. Qg3 Qg7 31. h4 Kf7 32. h5 f5 (32... Rg8 $16 {is a better defense.}) 33. Bxf5 Rg8 (33... Qf6 $142) 34. hxg6+ hxg6 35. Be6+ Nxe6 36. Rxe6 ({Not} 36. dxe6+ Kf8 $16) 36... Rh8 (36... Qd4+ {might work better.} 37. R1e3 Qd1+ 38. Kf2 Qh5) 37. Qg5 {[%cal Re6e7]} Qd4+ (37... Kf8 $142 38. Qxg6 Qxg6 39. Rxg6 Rh4) 38. R1e3 {White is clearly winning.} Qd1+ {[#]} 39. Kf2 $1 Qc2+ 40. Re2 {Accuracy: White = 61%, Black = 32%.} 1-0

[Event "World Senior chT-50 2019"]
[Site "Rhodes"]
[Date "2019.04.23"]
[Round "8.40"]
[White "Harlinska, Sandra"]
[Black "Fieandt, John"]
[Result "0-1"]
[WhiteElo "1833"]
[BlackElo "2151"]
[Annotator "TA"]
[PlyCount "82"]
[EventDate "2019.04.16"]
[EventType "team-tourn"]
[EventCountry "GRE"]
[SourceTitle "playchess.com"]
[Source "ChessBase"]
[SourceQuality "1"]
[WhiteTeam "Latvia"]
[BlackTeam "Finland"]
[WhiteTeamCountry "LAT"]
[BlackTeamCountry "FIN"]

{[%evp 23,82,0,-5,-9,-9,-10,8,-71,-61,-71,-75,-75,-72,-75,-75,-83,-83,-79,-75,-98,-97,-97,-95,-119,-119,-133,-129,-134,-36,-152,-102,-223,-125,-145,-144,-157,-130,-235,-106,-289,-125,-226,-44,-337,-246,-29964,-29965,-2596,-2422,-6291,-1130,-29993,-29969,-29970,-29974,-29969,-29975,-29969,-5281,-29996,-29997]} 1. e4 c5 2. Nf3 d6 3. Bb5+ Bd7 4. Bxd7+ Qxd7 5. O-O Nf6 6. Re1 Nc6 7. c3 e6 8. d4 cxd4 9. cxd4 d5 10. e5 Ne4 11. Nbd2 Nxd2 12. Bxd2 Be7 13. Bc3 {B52: Sicilian: Moscow Variation with 3...Bd7} (13. Rc1 O-O 14. Rc3 Rfc8 15. h4 Bd8 16. Rd3 Qc7 17. Ng5 h6 18. Nh3 Ne7 19. Bc3 b5 20. Nf4 Nf5 21. Qg4 Bxh4 22. Nh5 {½-½ (52) Nakamura,H (2769)-Grischuk,A (2766) Paris 2018}) 13... O-O 14. h4 $146 ({Predecessor:} 14. Qd3 a6 15. Rac1 Rac8 16. Rc2 Rc7 17. Rec1 Rfc8 18. Bd2 Na7 19. Kf1 Rxc2 20. Rxc2 Rxc2 21. Qxc2 {½-½ (54) Nguyen,V (2264)-Nguyen,D (2466) Da Lat 2011}) 14... f6 15. Qd3 (15. g3 $11) 15... fxe5 $17 16. Nxe5 Nxe5 17. Rxe5 Bxh4 18. g3 Bf6 $1 {[%cal Rf6e5]} 19. Rh5 g6 20. Rh2 Rf7 21. f4 g5 22. Bd2 Qa4 $36 {[%mdl 2048] Keeping White busy.} 23. Be3 gxf4 24. gxf4 Rg7+ 25. Kf2 Qc4 (25... Rc8 $17 {White must now prevent ...Rc2+.} 26. Kf3 Qd7) 26. Qd1 (26. Qxc4 $15 dxc4 27. Rc1) 26... Qb5 27. Rc1 (27. Qc2 $17) 27... Rf8 (27... Qxb2+ $19 28. Rc2 Qa3) 28. Qc2 {intending Rg1.} Qd7 $1 29. Ke2 Bd8 30. Rch1 {[#]} (30. Rf1 $17) 30... Qf7 (30... e5 $1 $19 {[%cal Re5f4][%mdl 512]} 31. f5 (31. dxe5 Qg4+) 31... Rxf5) 31. Rh6 $2 (31. Kd1 $17 {was called for.}) 31... Bc7 (31... Rg2+ $1 $19 {is more deadly.} 32. Bf2 Rxf2+ $1 {[%mdl 576] Decoy} 33. Kxf2 Qxf4+ {[%mdl 64] Double Attack} 34. Ke1 Qe3+ 35. Kd1 Qxd4+ 36. Qd2 Qxd2+ 37. Kxd2 Bg5+ {[%mdl 64] Double Attack} 38. Ke2 Bxh6 39. Rxh6 Re8) 32. Kd1 (32. R6h2 $17) 32... Qf5 $2 (32... Bxf4 $19 33. Rf1 Bxe3 34. Rxf7 Rgxf7 35. Qg2+ Rg7) 33. Qd2 $2 {[%mdl 8192]} (33. Qxf5 $15 exf5 34. Ke2) 33... Qb1+ ({Not} 33... Bxf4 34. Bxf4 Qxf4 35. Qxf4 $17) 34. Ke2 $2 (34. Qc1 $19 Qxa2 35. Qc2 Qa1+ 36. Ke2 Qa6+ 37. Kd1) 34... Rg2+ {[%mdl 64] Skewer} 35. Bf2 Qe4+ {[%mdl 64] Double Attack} 36. Kf1 Rxf4 (36... Bxf4 $142 37. Qe1 {[#]} Rxf2+ $1 {[%mdl 512]} 38. Qxf2 Bxh6) 37. Rxh7 Rfxf2+ 38. Qxf2 Rxf2+ 39. Kxf2 Qxd4+ {[%mdl 64] Double Attack} 40. Kf1 Qd3+ (40... Qf4+ $142 41. Ke2 Qg4+ 42. Ke3 Bf4+ 43. Kd4 Qe2 44. Rh8+ Kf7 45. R1h7+ Kg6 46. Rh6+ Bxh6 47. Rxh6+ Kxh6 48. b3 Qd2+ 49. Ke5 d4 50. Kxe6 d3 51. a4 Qc3 52. a5 d2 53. a6 d1=Q 54. axb7 Qg7 55. b8=N Qdd4 56. Kf5 Qg6#) 41. Kg2 Qe2+ {[%mdl 64] Double Attack. Accuracy: White = 11%, Black = 45%.} 0-1

[Event "World Senior chT-50 2019"]
[Site "Rhodes"]
[Date "2019.04.24"]
[Round "9.1"]
[White "Mahia, Gustavo"]
[Black "Benjamin, Joel"]
[Result "0-1"]
[WhiteElo "2367"]
[BlackElo "2523"]
[Annotator "TA"]
[PlyCount "80"]
[EventDate "2019.04.16"]
[EventType "team-tourn"]
[EventCountry "GRE"]
[SourceTitle "playchess.com"]
[Source "ChessBase"]
[SourceQuality "1"]
[WhiteTeam "Argentina"]
[BlackTeam "United States"]
[WhiteTeamCountry "ARG"]
[BlackTeamCountry "USA"]

{[%evp 9,80,11,13,0,0,-66,-51,-39,-39,-61,-57,-78,-63,-58,-59,-53,-63,-58,-59,-93,-89,-91,-84,-84,-55,-53,-17,-67,-56,-58,-35,-81,-85,-112,-113,-139,-83,-83,-89,-169,-174,-213,-209,-389,-175,-171,-149,-147,-114,-176,-178,-229,-212,-234,-242,-229,-224,-260,-255,-259,-260,-260,-231,-287,-280,-347,-348,-450,-435,-429,-429,-338,-333]} 1. e4 Nf6 2. e5 Nd5 3. d4 d6 4. Nf3 dxe5 5. dxe5 Bg4 6. Be2 {B04: Alekhine's Defence: 4 Nf3} (6. h3 Bxf3 7. Qxf3 e6 8. Bc4 Nc6 9. Qe4 Bc5 10. O-O Nde7 11. c3 Ng6 12. Bb5 Qd5 13. Bxc6+ bxc6 14. Re1 Qxe4 15. Rxe4 O-O-O 16. Nd2 Rd3 {1-0 (76) Smirin,I (2638)-Givon,A (2405) Eilat 2012}) 6... e6 7. c4 (7. O-O $11) 7... Nb4 $1 $15 8. Qxd8+ {Black is slightly better.} Kxd8 9. Na3 Bxf3 10. Bxf3 N8c6 $146 ({Predecessor:} 10... c6 11. Bg5+ Kc7 12. O-O-O Nd7 13. Kb1 h6 {½-½ (43) Sadykov,R (2162)-Bassan Noriega,R (2031) Chalkidiki 2007}) 11. Bg5+ Kc8 12. Bxc6 Nxc6 13. f4 Bb4+ 14. Kf1 h6 15. Bh4 {[#]} g5 $1 $36 {[%mdl 2560] Black is really pushing.} 16. fxg5 hxg5 17. Bxg5 Nxe5 (17... Bxa3 $5 18. bxa3 Nxe5 $11) 18. Nc2 Bd6 19. b3 b6 20. Bd2 Kb7 21. Ke2 Rag8 22. Ne3 Bc5 (22... f5 $142 {aiming for ...f4.} 23. Raf1 Nf7) 23. g3 $17 Rh3 24. Raf1 (24. Bc3 $17 Nc6 25. Raf1) 24... Rgh8 $19 25. Rf2 {[#]} Rxg3 $1 {[%mdl 576] Pin} 26. h4 $2 (26. b4 Bxe3 27. Bxe3) (26. hxg3 Rxh1) 26... Rh5 (26... Rd8 $142 {Strongly threatening ...Rxd2+!} 27. Bc1 Rd3) 27. Rg2 Rxg2+ 28. Nxg2 Be7 29. Be1 {[#]} (29. Rf1 $17) 29... Ng6 $1 30. Kf3 (30. b4 $142) 30... f5 31. Nf4 {[#]} Nxf4 $1 ({Stronger than} 31... Nxh4+ 32. Bxh4 Rxh4 33. Rxh4 $11) 32. Kxf4 {[%mdl 4096] Endgame KRB-KRB} Bd6+ 33. Ke3 e5 34. b4 Kc6 35. Rg1 Be7 36. Kf3 e4+ ({And not} 36... Bxh4 37. Rh1 $11) 37. Kf4 Bxh4 38. Rg6+ Kb7 39. Bxh4 Rxh4+ 40. Kxf5 e3 {Accuracy: White = 30%, Black = 71%.} 0-1

[Event "World Senior chT-50 2019"]
[Site "Rhodes"]
[Date "2019.04.24"]
[Round "9.1"]
[White "Mahia, Gustavo"]
[Black "Benjamin, Joel"]
[Result "*"]
[WhiteElo "2367"]
[BlackElo "2523"]
[Annotator "TA"]
[PlyCount "17"]
[EventDate "2019.04.16"]
[EventType "team-tourn"]
[EventCountry "GRE"]
[SourceTitle "playchess.com"]
[Source "ChessBase"]
[SourceQuality "1"]
[WhiteTeam "Argentina"]
[BlackTeam "United States"]
[WhiteTeamCountry "ARG"]
[BlackTeamCountry "USA"]

{[%evp 9,17,23,34,0,1,-71,-67,-1562,84,-174]} 1. e4 Nf6 2. e5 Nd5 3. d4 d6 4. Nf3 dxe5 5. dxe5 Bg4 6. Be2 {B04: Alekhine's Defence: 4 Nf3} (6. h3 Bxf3 7. Qxf3 e6 8. Bc4 Nc6 9. Qe4 Bc5 10. O-O Nde7 11. c3 Ng6 12. Bb5 Qd5 13. Bxc6+ bxc6 14. Re1 Qxe4 15. Rxe4 O-O-O 16. Nd2 Rd3 {1-0 (76) Smirin,I (2638)-Givon,A (2405) Eilat 2012}) 6... e6 7. c4 {[#]} (7. h3 $11 Bf5 8. O-O) 7... Nb4 $1 $17 8. Qd4 $146 {[%mdl 8192]} (8. Qxd8+ $15 Kxd8 9. Na3) ({Predecessor:} 8. Qxd8+ Kxd8 9. Na3 Ke8 10. O-O a6 11. Bd2 N4c6 12. Bc3 Bxa3 13. bxa3 Nd7 {1-0 (32) Reeves,M (1646)-Stone,D (1699) ICCF email 2015}) 8... Qd7 $2 ({Black should try} 8... Nc2+ $19 9. Kf1 Nxd4) 9. Qxd7+ $4 {[%mdl 8192]} (9. Qxg4 $16 {is necessary to keep the advantage.} Nc2+ {[%mdl 64] Double Attack} 10. Kf1 Nxa1 11. Nc3) *

[Event "World Senior chT-50 2019"]
[Site "Rhodes"]
[Date "2019.04.24"]
[Round "9.2"]
[White "Novikov, Igor"]
[Black "Garbarino, Rodolfo"]
[Result "1/2-1/2"]
[WhiteElo "2563"]
[BlackElo "2335"]
[Annotator "ChessBase"]
[PlyCount "26"]
[EventDate "2019.04.16"]
[EventType "team-tourn"]
[EventCountry "GRE"]
[SourceTitle "playchess.com"]
[Source "ChessBase"]
[SourceQuality "1"]
[WhiteTeam "United States"]
[BlackTeam "Argentina"]
[WhiteTeamCountry "USA"]
[BlackTeamCountry "ARG"]
[TimeControl "40/5400+30:1800+30"]

1. d4 {[%emt 11:25:15]} d5 {[%emt 0:00:04]} 2. c4 {[%emt 0:00:08]} e6 {[%emt 0:00:03]} 3. Nf3 {[%emt 0:00:08]} Nf6 {[%emt 0:00:04]} 4. Nc3 {[%emt 0:00:08]} Nbd7 {[%emt 0:00:04]} 5. Bg5 {[%emt 0:00:24]} c6 {[%emt 0:00:13]} 6. e3 {[%emt 0:01:06]} Qa5 {[%emt 0:00:08]} 7. Nd2 {[%emt 0:00:50]} Bb4 {[%emt 0:00:07]} 8. Qc2 {[%emt 0:00:21]} O-O {[%emt 0:00:06]} 9. Be2 {[%emt 0:03:10]} e5 {[%emt 0:00:22]} 10. O-O {[%emt 0:32:35]} exd4 {[%emt 0:00:09]} 11. Nb3 {[%emt 0:02:27]} Qb6 {[%emt 0:09:52]} 12. exd4 {[%emt 0:04:47]} dxc4 {[%emt 0:01:47]} 13. Bxc4 {[%emt 0:00:08]} a5 {[%emt 0:00:44]} 1/2-1/2

[Event "World Senior chT-50 2019"]
[Site "Rhodes"]
[Date "2019.04.24"]
[Round "9.3"]
[White "Llanos, Guillermo"]
[Black "Ehlvest, Jaan"]
[Result "1/2-1/2"]
[WhiteElo "2293"]
[BlackElo "2521"]
[Annotator "ChessBase"]
[PlyCount "31"]
[EventDate "2019.04.16"]
[EventType "team-tourn"]
[EventCountry "GRE"]
[SourceTitle "playchess.com"]
[Source "ChessBase"]
[SourceQuality "1"]
[WhiteTeam "Argentina"]
[BlackTeam "United States"]
[WhiteTeamCountry "ARG"]
[BlackTeamCountry "USA"]
[TimeControl "40/5400+30:1800+30"]

1. Nf3 {[%emt 0:00:00]} d6 {[%emt 0:01:32]} 2. g3 {[%emt 0:01:36]} g6 {[%emt 0:00:56]} 3. Bg2 {[%emt 0:00:04]} Bg7 {[%emt 0:00:04]} 4. O-O {[%emt 0:00:06]} Nf6 {[%emt 0:02:17]} 5. d4 {[%emt 0:00:29]} O-O {[%emt 0:00:08]} 6. Re1 {[%emt 0:02:33]} Ne4 {[%emt 0:09:02]} 7. c3 {[%emt 0:08:18]} c6 {[%emt 0:09:40]} 8. Nbd2 {[%emt 0:12:28]} Nxd2 {[%emt 0:01:18]} 9. Qxd2 {[%emt 0:01:41]} Nd7 {[%emt 0:09:14]} 10. e4 {[%emt 0:01:29]} e5 {[%emt 0:00:48]} 11. dxe5 {[%emt 0:06:12]} dxe5 {[%emt 0:00:42]} 12. Qc2 {[%emt 0:10:42]} a5 {[%emt 0:05:08]} 13. a4 {[%emt 0:07:47]} Nc5 {[%emt 0:01:27]} 14. Be3 {[%emt 0:00:10]} Qe7 {[%emt 0:00:14]} 15. Nd2 {[%emt 0:03:27]} Be6 {[%emt 0:01:25]} 16. Bf1 {[%emt 0:06:10]} 1/2-1/2

[Event "World Senior chT-50 2019"]
[Site "Rhodes"]
[Date "2019.04.24"]
[Round "9.4"]
[White "Yermolinsky, Alex"]
[Black "Grushka, Carlos"]
[Result "1-0"]
[WhiteElo "2508"]
[BlackElo "2251"]
[Annotator "RC"]
[PlyCount "85"]
[EventDate "2019.04.16"]
[EventType "team-tourn"]
[EventCountry "GRE"]
[SourceTitle "playchess.com"]
[Source "ChessBase"]
[SourceQuality "1"]
[WhiteTeam "United States"]
[BlackTeam "Argentina"]
[WhiteTeamCountry "USA"]
[BlackTeamCountry "ARG"]
[TimeControl "40/5400+30:1800+30"]

1. Nf3 {[%emt 0:00:00]} Nf6 {[%emt 0:00:00]} 2. c4 {[%emt 0:00:00]} g6 {[%emt 0:00:18]} 3. Nc3 {[%emt 0:00:05]} d5 {[%emt 0:00:18]} 4. Qa4+ {[%emt 0:02:45]} c6 {[%emt 0:01:22]} 5. cxd5 {[%emt 0:02:58]} Nxd5 {[%emt 0:00:07]} 6. Qd4 {[%emt 0:07:40]} f6 {[%emt 0:04:19]} 7. e4 {[%emt 0:02:38]} Nxc3 {[%emt 0:01:14]} 8. Qxd8+ {[%emt 0:00:16]} Kxd8 {[%emt 0:00:07]} 9. bxc3 {[%emt 0:00:27]} e5 {[%emt 0:02:33]} 10. Bc4 {[%emt 0:01:45]} Nd7 {[%emt 0:01:40]} 11. d4 {[%emt 0:03:31]} Bd6 {[%emt 0:07:21]} 12. O-O {[%emt 0:00:57]} Re8 {[%emt 0:01:45]} 13. Re1 {[%emt 0:02:34]} b5 {[%emt 0:09:01]} 14. Bf7 {[%emt 0:11:47]} Re7 {[%emt 0:00:55]} 15. Bb3 {[%emt 0:00:04]} Bb7 {[%emt 0:04:44]} 16. a4 {[%emt 0:02:27]} c5 {[%emt 0:07:52]} 17. dxe5 {[%emt 0:04:56]} Nxe5 {[%emt 0:00:28]} 18. axb5 {[%emt 0:00:24]} Kc7 {[%emt 0:02:52]} 19. Be3 {[%emt 0:11:27]} Ng4 {[%emt 0:17:26]} 20. Bd5 {[%emt 0:00:37]} Nxe3 {[%emt 0:00:44]} 21. Rxe3 {[%emt 0:00:25]} a5 {[%emt 0:03:39]} 22. bxa6 {[%emt 0:08:43]} Rxa6 {[%emt 0:00:07]} 23. Rxa6 {[%emt 0:00:05]} Bxa6 {[%emt 0:00:05]} 24. c4 {[%emt 0:00:10]} Bb7 {[%emt 0:01:27]} 25. g3 {[%emt 0:01:23]} Bxd5 {[%emt 0:02:53]} 26. exd5 {[%emt 0:00:27]} Rxe3 {[%emt 0:14:04]} 27. fxe3 {[%emt 0:00:06]} Bf8 {[%emt 0:00:09]} 28. g4 {[%emt 0:02:57]} Kd6 {[%emt 0:02:58]} 29. Kf2 {[%emt 0:01:31]} f5 {[%emt 0:00:54]} 30. gxf5 {[%emt 0:01:20]} gxf5 {[%emt 0:00:02]} 31. Ng5 {[%emt 0:01:08]} h5 {[%emt 0:07:50]} 32. Ne6 {[%emt 0:00:45]} Be7 {[%emt 0:01:31]} 33. Ng7 {[%emt 0:00:35]} Ke5 {[%emt 0:00:22]} 34. Nxh5 {[%emt 0:00:09]} Ke4 {[%emt 0:00:43]} 35. Ke2 {[%emt 0:00:20]} Bd6 {[%emt 0:01:35]} 36. Ng3+ {[%emt 0:00:19]} Ke5 {[%emt 0:00:32]} 37. Kf3 {[%emt 0:00:23]} Bf8 {[%emt 0:00:21]} 38. Ne2 {[%emt 0:00:44]} Be7 {[%emt 0:00:30]} 39. Nf4 {[%emt 0:00:09]} Bg5 {[%emt 0:00:22]} 40. h4 {[%emt 0:00:00]} Bh6 {[%emt 0:00:00]} 41. Nd3+ {[%emt 0:00:51]} Kd6 {[%emt 0:02:02]} 42. h5 {[%emt 0:00:12]} Bg5 {[%emt 0:00:22]} 43. e4 {[%emt 0:00:13] Kxd5 [%emt 00:00:47]} 1-0

[Event "World Senior chT-50 2019"]
[Site "Rhodes"]
[Date "2019.04.24"]
[Round "9.5"]
[White "Godena, Michele"]
[Black "Vaganian, Rafael A"]
[Result "1-0"]
[WhiteElo "2459"]
[BlackElo "2535"]
[Annotator "TA"]
[PlyCount "67"]
[EventDate "2019.04.16"]
[EventType "team-tourn"]
[EventCountry "GRE"]
[SourceTitle "playchess.com"]
[Source "ChessBase"]
[SourceQuality "1"]
[WhiteTeam "Italy"]
[BlackTeam "Armenia"]
[WhiteTeamCountry "ITA"]
[BlackTeamCountry "ARM"]

{[%evp 17,67,21,25,19,45,36,43,34,37,35,52,43,43,33,69,74,59,29,29,31,81,93,94,86,111,98,126,112,117,81,81,97,152,152,168,171,154,150,152,173,256,246,256,248,243,241,431,423,567,563,539,542]} 1. e4 e6 2. d4 d5 3. Nd2 c5 4. Ngf3 cxd4 5. Nxd4 Nc6 6. Bb5 Bd7 7. Nxc6 Bxc6 8. Bxc6+ bxc6 9. c4 dxe4 10. Nxe4 {C07: French Tarrasch: 3...c5, 4 Ngf3 and 4 exd5 Qxd5} Qxd1+ (10... Bb4+ 11. Ke2 Qa5 12. Be3 Nf6 13. Nxf6+ gxf6 14. Qd4 Qh5+ 15. f3 Qg6 16. Qe4 Ke7 17. g3 a5 {1-0 (46) Shankland,S (2671)-Antipov,M (2580) Biel 2017}) 11. Kxd1 Nf6 12. Nxf6+ {White is slightly better.} gxf6 13. Be3 c5 14. Kc2 {[#]} O-O-O $146 ({Predecessor:} 14... Kd7 15. Rhd1+ Kc6 16. Rd3 Be7 17. Rad1 Rhd8 18. Rxd8 Bxd8 {1-0 (59) Zhigalko,A (2566)-Stupak,K (2527) Minsk 2011}) 15. Rhd1 Rg8 16. Rxd8+ Kxd8 $14 {[%mdl 4096] Endgame KRB-KRB} 17. Rd1+ Kc7 18. g3 Rg4 19. Bf4+ $1 e5 20. h3 Rg8 21. Be3 Bd6 22. Rd5 Kc6 23. b4 cxb4 24. Ra5 $1 f5 {[#]} (24... Ra8 $142) 25. Ra6+ $1 $16 ({Worse is} 25. Bxa7 Ra8 $15) (25. Rxa7 f4 $16) 25... Kd7 26. Rxa7+ Ke6 27. Ra6 {Hoping for c5.} Kd7 {[#]} 28. c5 $1 Be7 (28... Bc7 $142 29. Rh6 e4) 29. Kb3 $18 f4 30. gxf4 exf4 31. c6+ ({Weaker is} 31. Bxf4 Bxc5 32. Rf6 Ra8 $14) 31... Ke6 $2 (31... Kc7 {keeps fighting.}) 32. Bxf4 {White is clearly winning.} Kd5 33. c7 Bc5 34. Rf6 {Accuracy: White = 88%, Black = 53%.} 1-0